Tintin book quotes Quiz Stats

Quiz not verified by Sporcle

Challenge
Share
Tweet
Embed
Score 0/15 Timer 03:00
1 Play Today
% Correct
Tintin in Tibet
90.5%
The Castafiore Emerald
83.7%
King Ottokar's Sceptre
79.1%
Prisoners of the Sun
78.7%
The Black Island
78.3%
The Secret of the Unicorn
77.6%
Tintin and the Picaros
69.2%
The Shooting Star
69.2%
% Correct
Destination Moon
67.3%
The Seven Crystal Balls
66.9%
The Red Sea Sharks
65.8%
Flight 714
56.3%
The Broken Ear
54%
The Calculus Affair
49%
Explorers on the Moon
46%

You're not logged in!

Compare scores with friends on all Sporcle quizzes.
Sign Up with Email
OR
Log In

You Might Also Like...

Show Comments

Extras

Curator's Pick Apr 20, 2016ReportNominate
Tags:Children's Books Quiz, Quote Quiz, tintin

Top Quizzes Today


Score Distribution

Your Account Isn't Verified!

In order to create a playlist on Sporcle, you need to verify the email address you used during registration. Go to your Sporcle Settings to finish the process.

Report this User

Report this user for behavior that violates our Community Guidelines.

Details: